00469nam a22001457a 450000500170000000800410001702000240005804000130008208200180009524501140011326000350022730000110026265000220027365000280029520260227095002.0260227b |||||||| |||| 00| 0 eng d a9781032773018 (pbk) cPK-LaUMT a004.678bAIO- aAIoT :bartificial intelligence of things /ceditedby Arun Sekar Rajasekaran, Fadi Al-Turjman, Suganyadevi S. aBoca Raton :bCRC Press,c2025 a408 p. aInternet of thing aArtificial intelligence